Statistics for CFL Teams

Click here to take the quiz!

General Stats

  • This quiz has been taken 20 times
  • The average score is 7 of 9

Answer Stats

Answer% Correct
Montreal Alouettes
94%
Edmonton Eskimos
88%
Hamilton Tiger-Cats
88%
Saskatchewan Roughriders
88%
Toronto Argonauts
88%
BC Lions
76%
Calgary Stampeders
76%
Ottawa Redblacks
76%
Winnipeg Blue Bombers
71%

Score Distribution

Percentile by Number Answered

Percent of People with Each Score

Your Score History

You have not taken this quiz